| 000 | 00592nam a2200217 a 4500 | ||
|---|---|---|---|
| 008 | |||
| 020 | _a0273646613 (pbk.) | ||
| 049 | _aMAIN | ||
| 090 |
_aHB137 _bBAW |
||
| 100 | 1 | _aBarrow, Mike. | |
| 245 | 1 | 0 |
_aStatistics for economics, accounting and business studies / _cMike Barrow. |
| 250 | _a3rd ed. | ||
| 260 |
_aLondon : _bPrentice hall , _c200?. |
||
| 500 | _aIncludes index. | ||
| 650 | 1 | _aStatistics. | |
| 907 |
_a.b10258619 _b19-05-10 _c01-12-08 |
||
| 003 | |||
| 005 | 20230123124920.0 | ||
| 040 | _cNUST | ||
| 942 |
_cBOOKS _kHB137 _mBAW |
||
| 999 |
_c132513 _d132513 |
||